Normal view
MARC view
Entry Personal Name
001 - CONTROL NUMBER
- control field: 12104
003 - CONTROL NUMBER IDENTIFIER
- control field: OSt
005 - DATE AND TIME OF LATEST TRANSACTION
- control field: 20170419193500.0
008 - FIXED-LENGTH DATA ELEMENTS
- fixed length control field: 170419|| aca||aabn | a|a d
040 ## - CATALOGING SOURCE
- Original cataloging agency: OSt
- Transcribing agency: OSt
100 ## - HEADING--PERSONAL NAME
- Personal name: Collins C.H [et...al]
670 ## - SOURCE DATA FOUND
- Source citation: Work cat.: (OSt)572: Collins C.H [et...al], Collins and Lyne's Microbiological Methods , c2004.
